Spravodajca Ministerstva dopravy, pôšt a telekomunikácií Slovenskej republiky

Salvato in:
Dettagli Bibliografici
Natura: Periodico
Lingua:slovacco
Pubblicazione: Žilina Výskumný ústav dopravný
Soggetti:
Tags: Aggiungi Tag
Nessun Tag, puoi essere il primo ad aggiungerne!!

MARC

LEADER 00000nas1a22000001 4500
001 s120232
005 20230412130548.2
041 0 |a slo 
044 |a SK 
245 1 0 |a Spravodajca Ministerstva dopravy, pôšt a telekomunikácií Slovenskej republiky 
264 1 |a Žilina  |b Výskumný ústav dopravný 
500 |a Do roku 1994 názov: Spravodajca Ministerstva dopravy, spojov a verejných prác Slovenskej republiky 
610 2 0 |a doprava 
610 2 0 |a pošty 
610 2 0 |a telekomunikácie